[Event "Bad Pyrmont Pape op-A 2nd"]
[Site "Bad Pyrmont"]
[Date "2023.08.13"]
[Round "7"]
[White "Aden, Keno"]
[Black "Aden, Meino"]
[Result "1/2-1/2"]
[WhiteElo "1738"]
[BlackElo "1906"]
[PlyCount "20"]
[EventDate "2023.08.10"]
[EventType "swiss"]
[EventRounds "7"]
[EventCountry "GER"]
[SourceTitle "EXT 2024"]
[Source "ChessBase"]
[SourceDate "2023.10.10"]
[SourceVersion "1"]
[SourceVersionDate "2023.10.10"]
[SourceQuality "1"]

1. d4 d5 2. Nf3 c6 3. c4 e6 4. g3 Nf6 5. Bg2 Be7 6. 0-0 0-0 7. Qc2 Nbd7 8. Nbd2 b6 9. e4 dxe4 10. Nxe4 Bb7 1/2-1/2

[Event "Groningen Combinatie op"]
[Site "Groningen"]
[Date "2023.05.20"]
[Round "5"]
[White "Aden, Keno"]
[Black "Maatman, Nick"]
[Result "0-1"]
[WhiteElo "1701"]
[BlackElo "2345"]
[PlyCount "80"]
[EventDate "2023.05.18"]
[EventType "swiss"]
[EventRounds "7"]
[EventCountry "NED"]
[SourceTitle "CBM 214 Extra"]
[Source "ChessBase"]
[SourceDate "2023.07.31"]
[SourceVersion "1"]
[SourceVersionDate "2023.07.31"]
[SourceQuality "1"]

1. d4 Nf6 2. Nf3 d5 3. c4 e6 4. g3 Bb4+ 5. Bd2 Be7 6. Bg2 c6 7. Qc2 Nbd7 8. 0-0 Ne4 9. Nc3 Nxd2 10. Nxd2 0-0 11. e4 dxc4 12. Nxc4 b5 13. Ne5 Nxe5 14. dxe5 a6 15. Ne2 Qc7 16. Nd4 c5 17. a4 Rb8 18. axb5 axb5 19. Rfc1 Bd7 20. f4 Rfc8 21. Kh1 c4 22. Bf1 Qb7 23. Rd1 Rc7 24. Bg2 b4 25. f5 Rc5 26. f6 Bf8 27. Nf3 c3 28. b3 Bc6 29. Rd4 Qb6 30. h4 Ra5 31. Rdd1 Rxa1 32. Rxa1 Rd8 33. Re1 Bb5 34. Bf1 Bxf1 35. Rxf1 Qe3 36. Kg2 Rd3 37. Rf2 Qxe4 38. Qe2 Qd5 39. Kh2 g6 40. h5 c2 0-1

[Event "Niedersachsen-ch U12"]
[Site "Rotenburg"]
[Date "2012.04.05"]
[Round "10"]
[White "Hoppe, Andreas"]
[Black "Aden, Keno"]
[Result "1/2-1/2"]
[WhiteElo "1743"]
[BlackElo "1408"]
[PlyCount "90"]
[EventDate "2012.03.31"]
[EventType "swiss"]
[EventRounds "11"]
[EventCountry "GER"]
[SourceTitle "EXT 2015"]
[Source "ChessBase"]
[SourceDate "2014.11.20"]
[SourceVersion "1"]
[SourceVersionDate "2014.11.20"]
[SourceQuality "1"]

1. d4 Nf6 2. Bf4 d6 3. e3 b6 4. Bd3 Bb7 5. Nf3 g6 6. Nc3 Bg7 7. Bb5+ Nbd7 8. Qe2 a6 9. Bc4 0-0 10. 0-0 Re8 11. Bg3 Nh5 12. Rad1 Nxg3 13. hxg3 c5 14. Rfe1 e6 15. dxc5 Nxc5 16. Bb3 d5 17. Rd2 Qd6 18. Nd4 Rac8 19. Nf3 Nxb3 20. cxb3 Bxc3 21. bxc3 Rxc3 22. e4 Rec8 23. exd5 Bxd5 24. Qxa6 Rc1 25. Qf1 Rxe1 26. Qxe1 Qc6 27. Qe2 Bxf3 28. Qxf3 Qc1+ 29. Qd1 Qxd1+ 30. Rxd1 Rc2 31. a4 Rb2 32. Rd3 Rb1+ 33. Kh2 Rb2 34. Rf3 h5 35. Kh3 g5 36. g4 h4 37. g3 hxg3 38. Kxg3 Kg7 39. Rd3 Kg6 40. Kg2 Kf6 41. Rf3+ Kg6 42. Kf1 e5 43. Rc3 f6 44. f3 Kf7 45. Rc7+ Kg6 1/2-1/2

[Event "Niedersachsen-ch U12"]
[Site "Rotenburg"]
[Date "2012.04.04"]
[Round "7"]
[White "Aden, Keno"]
[Black "Neumann, Tiemon"]
[Result "1/2-1/2"]
[WhiteElo "1408"]
[BlackElo "1750"]
[PlyCount "42"]
[EventDate "2012.03.31"]
[EventType "swiss"]
[EventRounds "11"]
[EventCountry "GER"]
[SourceTitle "EXT 2015"]
[Source "ChessBase"]
[SourceDate "2014.11.20"]
[SourceVersion "1"]
[SourceVersionDate "2014.11.20"]
[SourceQuality "1"]

1. e4 e5 2. Nf3 Nc6 3. Bb5 Nd4 4. Nxd4 exd4 5. d3 c6 6. Bc4 d5 7. exd5 cxd5 8. Bb5+ Bd7 9. Bxd7+ Qxd7 10. 0-0 Bd6 11. Nd2 Ne7 12. Nf3 Qg4 13. Re1 0-0 14. Bd2 Nf5 15. h3 Qh5 16. Ne5 Qxd1 17. Raxd1 Rfe8 18. Nf3 h6 19. Rxe8+ Rxe8 20. Re1 Rc8 21. Rc1 Re8 1/2-1/2

[Event "Niedersachsen-ch U12"]
[Site "Rotenburg"]
[Date "2012.04.01"]
[Round "3"]
[White "Aden, Keno"]
[Black "Kiesel, Lucas"]
[Result "1-0"]
[WhiteElo "1408"]
[BlackElo "1185"]
[PlyCount "59"]
[EventDate "2012.03.31"]
[EventType "swiss"]
[EventRounds "11"]
[EventCountry "GER"]
[SourceTitle "EXT 2015"]
[Source "ChessBase"]
[SourceDate "2014.11.20"]
[SourceVersion "1"]
[SourceVersionDate "2014.11.20"]
[SourceQuality "1"]

1. e4 d6 2. d4 Nf6 3. Nc3 g6 4. Nf3 Bg7 5. Be2 0-0 6. 0-0 Nbd7 7. Bf4 Re8 8. e5 dxe5 9. Nxe5 Nxe5 10. Bxe5 Nd7 11. Bxg7 Kxg7 12. Bc4 e5 13. Re1 Nb6 14. Bb3 a5 15. a4 exd4 16. Rxe8 Qxe8 17. Qxd4+ Kg8 18. h3 Be6 19. Re1 Qc6 20. Bxe6 fxe6 21. Qe4 Qxe4 22. Rxe4 Re8 23. b3 Kf7 24. Nb5 Nd5 25. c4 c6 26. Nd6+ Ke7 27. Nxe8 Nc3 28. Re3 Nd1 29. Re1 Kxe8 30. Rxd1 1-0

[Event "Niedersachsen-ch U12"]
[Site "Rotenburg"]
[Date "2012.04.01"]
[Round "2"]
[White "Balazs, Balint"]
[Black "Aden, Keno"]
[Result "1-0"]
[WhiteElo "1758"]
[BlackElo "1408"]
[PlyCount "59"]
[EventDate "2012.03.31"]
[EventType "swiss"]
[EventRounds "11"]
[EventCountry "GER"]
[SourceTitle "EXT 2015"]
[Source "ChessBase"]
[SourceDate "2014.11.20"]
[SourceVersion "1"]
[SourceVersionDate "2014.11.20"]
[SourceQuality "1"]

1. e4 c5 2. Nf3 Nc6 3. d4 cxd4 4. Nxd4 g6 5. Nc3 Bg7 6. Be3 Nf6 7. Bc4 Qa5 8. f3 Qb4 9. Nxc6 dxc6 10. Bb3 0-0 11. Qd2 Qa5 12. Rd1 Bd7 13. 0-0 Rfd8 14. Qf2 b6 15. Rd2 Be8 16. Rfd1 Rd7 17. Rxd7 Bxd7 18. e5 Qxe5 19. Bd4 Qf5 20. Bxf6 Bxf6 21. g4 Qf4 22. Rxd7 Qc1+ 23. Rd1 Qxb2 24. Ne4 Bg7 25. Ng5 e6 26. Ne4 c5 27. Kg2 Qe5 28. Rd2 Bh6 29. Qh4 Qg7 30. g5 1-0

[Event "Niedersachsen-ch op"]
[Site "Verden"]
[Date "2011.01.04"]
[Round "5"]
[White "Aden, Keno"]
[Black "Mayen, Paul"]
[Result "1-0"]
[WhiteElo "1092"]
[BlackElo "1066"]
[PlyCount "73"]
[EventDate "2011.01.02"]
[EventType "swiss"]
[EventRounds "7"]
[EventCountry "GER"]
[SourceTitle "EXT 2018"]
[Source "ChessBase"]
[SourceDate "2017.10.13"]
[SourceVersion "1"]
[SourceVersionDate "2017.10.13"]
[SourceQuality "1"]

1. e4 e5 2. Nf3 d6 3. Nc3 Nc6 4. h3 Be7 5. Bc4 Nf6 6. d3 0-0 7. 0-0 Bd7 8. Be3 Qc8 9. Kh2 Be6 10. Bb3 Nd8 11. Bg5 Bxb3 12. axb3 Ne6 13. Bh4 Qd8 14. Bg3 Nh5 15. Nd5 f5 16. Nxe7+ Qxe7 17. exf5 Rxf5 18. Nh4 Rg5 19. Nf3 Rg6 20. Nh4 Rh6 21. Nf5 Qg5 22. Nxh6+ Qxh6 23. Qf3 c6 24. c3 Rf8 25. Qe3 Qg6 26. Rxa7 Nxg3 27. Qxg3 Qxg3+ 28. Kxg3 b5 29. b4 Rc8 30. Rd7 d5 31. Re7 Nf4 32. Rd1 Ng6 33. Rd7 Nf4 34. Kf3 Rf8 35. Rd2 Nxd3+ 36. Kg3 Rf6 37. Rxd3 1-0

[Event "Niedersachsen-ch op"]
[Site "Verden"]
[Date "2011.01.02"]
[Round "1"]
[White "Aden, Dagmar"]
[Black "Aden, Keno"]
[Result "1/2-1/2"]
[WhiteElo "1756"]
[BlackElo "1092"]
[PlyCount "20"]
[EventDate "2011.01.02"]
[EventType "swiss"]
[EventRounds "7"]
[EventCountry "GER"]
[SourceTitle "EXT 2018"]
[Source "ChessBase"]
[SourceDate "2017.10.13"]
[SourceVersion "1"]
[SourceVersionDate "2017.10.13"]
[SourceQuality "1"]

1. e4 c6 2. d4 d5 3. exd5 cxd5 4. c4 Nf6 5. Nc3 Bf5 6. Nf3 e6 7. c5 a6 8. Qa4+ Nbd7 9. Be2 Be7 10. 0-0 0-0 1/2-1/2

[Event "Niedersachsen-ch open"]
[Site "Verden"]
[Date "2010.01.03"]
[Round "2.78"]
[White "Oelfke, Nils Lukas"]
[Black "Aden, Keno"]
[Result "1-0"]
[WhiteElo "1240"]
[BlackElo "899"]
[PlyCount "57"]
[EventDate "2010.01.03"]
[EventType "swiss"]
[EventRounds "7"]
[EventCountry "GER"]
[SourceTitle "EXT 2012"]
[Source "ChessBase"]
[SourceDate "2011.11.24"]
[SourceVersion "1"]
[SourceVersionDate "2011.11.24"]
[SourceQuality "1"]

1. e4 c5 2. Nf3 Nc6 3. d4 cxd4 4. Nxd4 g6 5. Nc3 Bg7 6. Be3 Nf6 7. Bc4 0-0 8. f3 d6 9. Qd2 Bd7 10. 0-0-0 Ne5 11. Bb3 Rc8 12. Kb1 e6 13. g4 d5 14. exd5 exd5 15. Ndb5 Nxf3 16. Qe2 Ne5 17. Bxd5 Qe7 18. g5 Nh5 19. Nxa7 Ra8 20. Bxb7 Rae8 21. Nd5 Qe6 22. Nc7 Qh3 23. Nxe8 Rxe8 24. Bg2 Qe6 25. Bd4 Qe7 26. Bxe5 Bxe5 27. Bf3 Nf4 28. Qe3 Qxg5 29. Rxd7 1-0